000 00672nam a2200229 a 4500
001 32701
003 BD-RjUL
005 20211209051900.0
008 190327s1946 enk 00000 eng d
035 _a(BD-RjUL)32791
040 _aBD-RjUL
_beng
_cBD-RjUL
_dBD-RjUL
041 _aeng
082 _223
_a333.50942
_bENR 1946
110 1 _aEngland and Wales.
_bMinistry of Health
_9229765
245 1 0 _aRent control in England and Wales /
_cEngland and Wales. Ministry of Health
260 _aLondon:
_bH. M. S. O. ,
_c1946.
300 _a15 p. ;
_c23 cm
490 _aC ;
_v133
650 0 _aRent
_zGreat Britain.
_9229764
830 _aC ;
_v133
_9229767
942 _2ddc
_cRAR
999 _c32701
_d32701